• 首页
  • 本馆介绍
  • 公告通知
  • 最新文献
  • 馆藏检索
  • 电子资源
  • 读者导购
  • 参考咨询
  • 我的图书馆
  • 登录
  • 详细信息显示
  • 放入我的书架
  • 预约/预借图书
  • 作者相关作品
  • 分类相关作品
  • 丛书相关作品
  • 出版社相关作品

书目信息

  • 表格格式
  • 工作单格式
  • 卡片格式
题名:
水文预报
    
 
作者: 包为民 主编
分册:  
出版信息: 北京   中国水利水电出版社  2017.08
页数: 370页
开本: 26cm.00
丛书名:
单 册:
中图分类: P338
科图分类:
主题词: 水文预报--shui wen yu bao--高等学校--教材
电子资源:
ISBN: 978-7-5170-5650-8
000 01185nam0 2200253 450
001 0106081917
005 20201109093330.91
010    @a978-7-5170-5650-8@dCNY58.00
100    @a20181129e20192017em y0chiy50 ea
101 0  @achi
102    @aCN@b110000
105    @aa z 000yy
106    @ar
200 1  @a水文预报@Ashui wen yu bao@f包为民主编
205    @a5版
210    @a北京@c中国水利水电出版社@d2017.08@h2019.12
215    @a370页@c图@d26cm.00
300    @a普通高等教育“十五”国家级规划教材高等学校水利学科专业规范核心课程教材水文与水资源工程全国水利行业“十三五”规划教材(普通高等教育)“十二五”江苏省高等学校重点教材
330    @a本书是高等学校水利类专业的通用教材,同时也是高等学校水利学科专业规范核心课程教材。主要介绍了水文预报基本原理、方法与实际应用中可能遇到的问题及解决方法,主要包括流域蒸发、流域产流、流域汇流、河道流量演算、水文模型、实时洪水作业预报与误差修正方法、枯季径流与旱情分析预报、水库水文预报、冰雪融水径流与冰情预报、流域土壤侵蚀与模拟、水文预报结果评定等。
606 0  @a水文预报@Ashui wen yu bao@x高等学校@j教材
690    @aP338@v5
701  0 @a包为民@Abao wei min@4主编
801  0 @aCN@bBJSZM@c20201106
905    @b1194520-3@dP338@e171=5@f4
    
    水文预报/包为民主编.-5版.-北京:中国水利水电出版社,2017.08(2019.12)
    370页:图;26cm.00
    普通高等教育“十五”国家级规划教材高等学校水利学科专业规范核心课程教材水文与水资源工程全国水利行业“十三五”规划教材(普通高等教育)“十二五”江苏省高等学校重点教材
    
    ISBN 978-7-5170-5650-8:CNY58.00
    本书是高等学校水利类专业的通用教材,同时也是高等学校水利学科专业规范核心课程教材。主要介绍了水文预报基本原理、方法与实际应用中可能遇到的问题及解决方法,主要包括流域蒸发、流域产流、流域汇流、河道流量演算、水文模型、实时洪水作业预报与误差修正方法、枯季径流与旱情分析预报、水库水文预报、冰雪融水径流与冰情预报、流域土壤侵蚀与模拟、水文预报结果评定等。
●
相关链接 在E读中查询图书 在五车中查询图书 在当当中查询图书 在豆瓣中查询图书


正题名:水文预报     索取号:P338/171=5         预约/预借

序号 登录号 条形码 馆藏地/架位号 状态 备注
1 1194520   211945207   第二样本阅览室/ [索取号:P338/171=5] 在馆    
2 1194521   211945216   第三借阅区/ [索取号:P338/171=5] 在馆    
3 1194522   211945225   第三借阅区/ [索取号:P338/171=5] 在馆    
4 1194523   211945234   第三借阅区/ [索取号:P338/171=5] 在馆    
唐山师范学院图书馆 欢迎您!
大连网信软件有限公司© 版权所有